00569nam a2200169 a 45000010005000000030005000050050017000100080041000270200015000680400020000831000029001032450107001322600041002393000019002804900027002994900073003263258CDMR20131213135021.0130130s1976||||||||||||||||||||||||||||d a8426571913 aCDMRbcatcCDMR1 aLarra, Mariano José de10aProsa escogidacMariano José de Larra ; introducción, selección y notas: Félix Herrero Salgado aMadridc1976b[Magisterio Español] a275 p ;c18 cm0 aNovelas y Cuentosv1890 aSección Literatura. Serie Literatura española.aProsa. Siglo XIX